000 00803nai a2200217Ia 4500
003 IN-BaIIA
008 211028c9999 xx s 000 0 eng d
022 _a0096-1884 (Print)
022 _a2168-0817 (Online)
040 _cIIA Library
245 0 _aIRE Transactions on Bio-Medical Electronics
_h[eJournal]
260 _aNew York, USA
_bThe Institute of Electrical and Electronics Engineers, Inc. (IEEE)
310 _aQuarterly
362 _a8(1); 1961 - 9(4); 1962
521 _bSubscribed through National Knowledge Resource Consortium (NKRC)
650 _a Components, Circuits, Devices and Systems
650 _a Robotics and Control Systems
650 _aBioengineering
856 _uhttps://ieeexplore.ieee.org/servlet/opac?punumber=4322768
_yClick Here to Access eJournal
942 _cEJ
999 _c34906
_d34906